[Event "Baltic Zonal II Stage 2018"]
[Site "Palanga"]
[Date "2018.06.15"]
[Round "3"]
[White "Kovalenko, Igor"]
[Black "Meshkovs, Nikita"]
[Result "1/2-1/2"]
[WhiteElo "2632"]
[BlackElo "2515"]
[Annotator "TA"]
[PlyCount "150"]
[EventDate "2018.??.??"]
[EventType "swiss"]
[EventCountry "LTU"]
[SourceTitle "playchess.com"]
[Source "ChessBase"]
[SourceQuality "1"]

{[%evp 18,150,20,16,10,10,18,18,21,14,24,23,27,6,36,18,120,128,121,119,133,93,147,148,139,125,117,81,108,67,144,132,141,132,128,72,75,71,158,117,114,116,131,93,94,97,116,116,119,117,104,116,131,128,128,126,118,128,343,322,295,159,166,61,62,72,109,68,69,75,71,81,79,79,67,68,74,63,49,60,81,92,130,79,83,79,80,8,8,8,8,8,8,0,8,0,9,11,18,8,18,18,28,25,30,8,8,0,0,0,0,0,8,8,8,8,8,8,8,8,8,8,8,8,8,8,8,8,8,8,8,8,8,8,8]} 1. c4 e5 2. g3 Nc6 3. Bg2 Bc5 4. Nc3 a6 5. Nf3 d6 6. O-O Nf6 7. e3 O-O 8. h3 {A29: English Opening: Four Knights Variation with 4 g3} h6 9. d3 Ba7 10. b3 {LiveBook: 3 Games} Re8 11. Bb2 Bf5 12. Kh2 Bh7 13. Rc1 $146 ({Predecessor:} 13. a3) 13... Qd7 14. a3 Rac8 15. b4 Nd8 16. d4 {[%cal Bd3d4,Bd4d5][%mdl 32]} e4 (16... exd4 $11 {remains equal.} 17. Nxd4 c6) 17. Nd2 $16 {[%cal Bf3d2,Bd2b3,Bb3d4][%mdl 32]} c6 18. d5 Qf5 19. Nb3 b5 ({Black should try} 19... Qd7) 20. cxb5 cxb5 21. Nd4 Qd7 22. Qd2 Rc4 23. Nde2 Qf5 ({Black should play} 23... Qb7 $14) 24. Nf4 Nd7 {[%cal Bf6d7,Bd7e5,Be5c4][%mdl 32]} 25. Nce2 Ne5 26. Bd4 (26. g4 $142 Qd7 27. Ng3) 26... Bxd4 27. Nxd4 Qf6 (27... Qd7 $142) 28. Rxc4 Nxc4 29. Qa2 Nb6 30. Nfe2 Qe5 31. Nc3 h5 32. h4 g5 33. hxg5 h4 34. Bh3 hxg3+ 35. fxg3 Qxg5 36. Rf4 Bg6 37. Bf5 Kg7 $2 (37... Re5 $16) 38. Nxe4 $18 Qh6+ {[#]} 39. Rh4 ({White must play} 39. Kg2 $1 $18 Re5 40. Bxg6 (40. Nxd6 Nxd5 41. Qb2 Kg8 $11) 40... Qxg6 41. Nf6) 39... Qxe3 $16 40. Bxg6 (40. Nxd6 $18 Re5 41. Qa1 Qf2+ 42. Kh3) 40... fxg6 $14 41. Nxd6 Rf8 {Hoping for ...Rf2+.} 42. Qa1 {White threatens N4f5+ and mate.} Qf2+ $1 43. Kh3 {N4f5+ would kill now.} Qf1+ 44. Qxf1 Rxf1 45. Ne8+ Kf8 46. Nc7 {Strongly threatening Re4.} Nf7 47. Rf4 Rxf4 48. gxf4 {[%mdl 4096] Endgame KNN-KNN} Nd6 49. Kg4 Nbc4 50. Kg5 ({Better is} 50. Nc6) 50... Kf7 $16 51. Nxa6 Nxa3 {[#]} 52. Nc7 (52. Nc5 $1 $16) 52... Ne4+ $11 53. Kh6 Nd6 54. Kh7 Ne4 55. Kh6 Nd6 56. Kg5 Ne4+ 57. Kh4 Nd6 58. Kg3 Kf6 59. Kg4 Nac4 60. Kf3 Nb6 61. Ke3 {Threatens to win with Ne2.} Ke7 {The position is equal.} 62. Nde6 (62. Ne2 {with more complications.} Kd7 63. Na6 Nxd5+ 64. Kd4 Nf6 65. Nc5+) 62... Nxd5+ 63. Nxd5+ Kxe6 {KN-KN} 64. Kd4 Kd7 65. Kc5 Nf7 66. Kxb5 {White wants to play Ka6.} g5 67. Nf6+ Kc7 68. fxg5 Nxg5 69. Ka6 {b5 is the strong threat.} Ne6 70. b5 {Black must now prevent b6+.} Kb8 71. Nd5 Nc5+ 72. Kb6 Nd7+ 73. Kc6 Ne5+ 74. Kd6 Nc4+ 75. Kc5 Ne5 {Precision: White = 58%, Black = 58%.} 1/2-1/2

[Event "Baltic Zonal II Stage 2018"]
[Site "Palanga"]
[Date "2018.06.15"]
[Round "3"]
[White "Neiksans, Arturs"]
[Black "Ladva, Ottomar"]
[Result "1/2-1/2"]
[WhiteElo "2561"]
[BlackElo "2499"]
[Annotator "TA"]
[PlyCount "90"]
[EventDate "2018.??.??"]
[EventType "swiss"]
[EventCountry "LTU"]
[SourceTitle "playchess.com"]
[Source "ChessBase"]
[SourceQuality "1"]

{[%evp 14,90,20,24,10,15,11,14,38,38,43,38,47,41,41,41,36,31,56,33,29,33,27,25,30,27,48,37,45,42,55,35,54,20,58,54,47,29,66,56,64,72,93,50,54,45,98,80,80,27,25,29,29,11,16,10,20,20,20,20,20,20,38,37,30,0,0,0,0,0,0,0,0,0,0,0,0,0,0]} 1. e4 e5 2. Nf3 Nf6 3. Nxe5 d6 4. Nf3 Nxe4 5. Bd3 Nf6 6. O-O {C42: Russische Verteidigung (Petrow)} Be7 7. c3 O-O 8. Bc2 {LiveBook: 21 Partien} d5 (8... Bg4 9. h3 Bh5 10. d4 c6 11. Re1 Na6 12. Nbd2 Qd7 13. Nf1 Rae8 {½-½ (39) Mamedov,R (2704)-Giri,A (2777) Shamkir 2018}) 9. d4 Bg4 10. Qd3 Bh5 $146 ({Vorgänger:} 10... Ne4 11. Qe3 Bf5 12. c4 c6 13. cxd5 cxd5 {½-½ (55) Timofeev,A (2579)-Skatchkov,V (2338) Sochi 2018}) 11. Ne5 Bg6 12. Nxg6 hxg6 13. Nd2 c5 14. dxc5 Bxc5 15. Nf3 Nbd7 16. Bb3 Bb6 17. Be3 Bxe3 18. Qxe3 Re8 19. Qd4 Qb6 20. Rfe1 Qxd4 21. Nxd4 Nc5 22. Bc2 Kf8 23. f3 (23. h4 {seems wilder.} Rxe1+ 24. Rxe1 Re8 25. Rd1 Ng4 26. g3) 23... Rxe1+ 24. Rxe1 Re8 25. Rd1 (25. Rxe8+ {is more complex.} Nxe8 26. b4 Nd7 27. Bb3 Nb6 28. Kf2) 25... a6 26. Kf2 Ke7 27. h4 Ne6 28. Nxe6 Kxe6 $16 {[%mdl 4096] Endspiel KTL-KTS} 29. g4 Kd6 (29... Rh8 $14) 30. Bb3 Re5 31. c4 (31. a4 $16) 31... g5 $11 32. hxg5 Rxg5 33. cxd5 Re5 34. Rh1 Nxd5 35. Rh7 g5 36. Rxf7 {[#] Schwarz muss nun Lxd5 beachten.} Nf4 37. Rxb7 {Lc4 ist eine echte Drohung.} Re2+ 38. Kf1 {Und Lc4 würde nun gewinnen.} Rxb2 39. Ra7 Ke5 {Die Stellung ist ausgeglichen.} 40. Rxa6 Kd4 41. Ra8 Rb1+ 42. Kf2 {Und weiter mit Ta4+ wäre nett.} Rb2+ 43. Kf1 Rb1+ 44. Kf2 {zielt auf Ta4+ ab.} Rb2+ 45. Kf1 Rb1+ {Precision: Weiß = 55%, Schwarz = 63%.} 1/2-1/2

[Event "Baltic Zonal II Stage 2018"]
[Site "Palanga"]
[Date "2018.06.15"]
[Round "3"]
[White "Rozentalis, Eduardas"]
[Black "Pultinevicius, Paulius"]
[Result "1/2-1/2"]
[WhiteElo "2519"]
[BlackElo "2395"]
[Annotator "TA"]
[PlyCount "69"]
[EventDate "2018.??.??"]
[EventType "swiss"]
[EventCountry "LTU"]
[SourceTitle "playchess.com"]
[Source "ChessBase"]
[SourceQuality "1"]

{[%evp 22,69,0,0,0,0,0,0,51,35,65,59,69,75,81,78,74,76,84,88,135,142,125,134,137,119,111,83,89,94,77,75,126,24,16,15,18,12,25,7,77,82,58,11,14,11,11,13,12,6]} 1. e4 c6 2. d4 d5 3. Nd2 dxe4 4. Nxe4 Bf5 5. Ng3 Bg6 6. Nh3 e6 7. Nf4 Qc7 8. c3 {B18: Classical Caro-Kann: 4...Bf5 sidelines} Bd6 9. Qf3 Nd7 10. h4 Ngf6 11. h5 Bc2 12. h6 {LiveBook: 45 Games} g6 13. Bd3 Bxd3 14. Nxd3 O-O (14... Qa5 $1 $11) 15. Bg5 {[#]} Be7 $146 ({Predecessor:} 15... Nd5 16. Ne4 f6 {1-0 (33) Fedorchuk,S (2650)-Peralta,F (2603) Roquetas de Mar 2011}) 16. O-O Qd8 17. Rad1 Nd5 18. Bxe7 Qxe7 19. c4 N5b6 20. b3 Qh4 21. Nc5 Rab8 22. a4 Nf6 23. Rfe1 Rfd8 (23... Ng4 $2 24. a5 $18) 24. Nf1 {Black must now prevent g3.} ({Much weaker is} 24. a5 $6 Nbd7 $11) 24... Nbd7 ({Don't blunder} 24... Rxd4 $2 25. g3 $18) 25. Nxd7 Nxd7 26. Qe3 Nf6 {[#]} ({Black should try} 26... a6) 27. Qe5 (27. d5 $1 $16 {[%cal Rd5e6]} exd5 28. g3) 27... Ne8 $1 $11 28. d5 exd5 29. cxd5 cxd5 30. Ne3 Qxh6 (30... Qf6 $1 $11 31. Qh2 (31. Rxd5 Qxe5 32. Rxe5 Kf8 $11) 31... Qd6) 31. Nxd5 $16 {White wants to mate with Ne7+.} Qg7 {White should prevent ...Qxe5.} 32. Qe3 Nf6 {The position is equal.} 33. Qxa7 {Hoping for Ne7+.} Nxd5 {[#]} 34. Rxd5 $1 {[%mdl 512]} Qc3 (34... Rxd5 35. Qxb8+) 35. Red1 {Precision: White = 67%, Black = 52%.} 1/2-1/2

[Event "Baltic Zonal II Stage 2018"]
[Site "Palanga"]
[Date "2018.06.15"]
[Round "3"]
[White "Sulskis, Sarunas"]
[Black "Bernotas, Arturs"]
[Result "1-0"]
[WhiteElo "2506"]
[BlackElo "2407"]
[Annotator "TA"]
[PlyCount "72"]
[EventDate "2018.??.??"]
[EventType "swiss"]
[EventCountry "LTU"]
[SourceTitle "playchess.com"]
[Source "ChessBase"]
[SourceQuality "1"]

{[%evp 9,72,28,31,-62,-58,-66,-74,-84,-87,-87,-108,-80,-52,-42,-24,-54,-52,-62,-59,-77,0,0,0,-59,-4,-83,-69,-54,-59,-68,-39,-67,-16,-18,-10,-24,0,0,0,0,0,0,0,0,0,-3,0,0,0,0,0,0,0,0,105,105,93,104,153,152,152,151,566,566,12839]} 1. c4 Nf6 2. Nc3 e6 3. e4 d5 4. cxd5 exd5 5. e5 Ne4 6. Nxe4 {A18: English Opening: Flohr-Mikenas System (1 c4 Nf6 2 Nc3 e6 3 e4)} (6. Nf3 $14) (6. Nf3 Bf5 7. d3 Nxc3 8. bxc3 c5 9. d4 Qa5 10. Bd2 Nc6 11. Be2 Be7 12. O-O O-O 13. a4 Rac8 14. Ra2 {½-½ (37) Nakamura,H (2769)-Ding,L (2791) Stavanger 2018}) 6... dxe4 $15 7. Qa4+ Nc6 8. Bb5 {Black is better.} Qd5 9. Bxc6+ bxc6 $146 ({Predecessor:} 9... Qxc6 10. Qxc6+ bxc6 11. b3 Ba6 12. Bb2 O-O-O 13. Ne2 Bc5 {½-½ (46) Verat,L (2321)-Guedon,S (2351) Montigny le Bretonneux 1999}) 10. Ne2 Bd7 11. O-O Qxe5 12. d3 exd3 13. Bf4 $1 {[%cal Rf4e5]} Qb5 ({Not} 13... Qxe2 14. Rfe1 $16) 14. Qe4+ {[#]} Be6 (14... Be7 $1 $17 15. Nd4 Qd5 16. Qxd3 O-O) 15. Nd4 $11 Qd5 16. Rfe1 (16. Qxd3 $11 Bc5 17. Rfd1) 16... O-O-O ({Better is} 16... Qxe4 $15 17. Rxe4 O-O-O 18. Nxc6 Rd5) 17. Nxe6 (17. Qxd3 $11 Qxd4 18. Qa6+ Kb8 19. Rad1) 17... Qxe4 ({Much worse is} 17... Qxe6 $6 18. Qa4 $11) 18. Rxe4 fxe6 19. Rxe6 Bd6 20. Be3 Rhe8 (20... Rhf8 $15) 21. Rxe8 Rxe8 {[%mdl 4096] Endgame KRB-KRB} 22. Rd1 Rd8 23. f4 Be7 24. Kf2 Rd5 25. Kf3 Ra5 26. a3 Bf6 27. Rd2 Ra4 28. g4 h6 29. h4 Bxh4 30. g5 hxg5 31. fxg5 Kd7 (31... Ra5 $11 {keeps the balance.}) 32. Rxd3+ $16 Ke6 {[#]} 33. Rc3 $1 {[%cal Rc3c6][%mdl 1024] White has strong compensation.} Kd5 34. Rc5+ Kd6 35. Rc1 a5 $2 (35... Kd5 $16 {is tougher.} 36. Rd1+ Ke6) 36. b3 $18 Kd5 {Precision: White = 64%, Black = 42%.} 1-0

[Event "Baltic Zonal II Stage 2018"]
[Site "Palanga"]
[Date "2018.06.15"]
[Round "3"]
[White "Miezis, Normunds"]
[Black "Malisauskas, Vidmantas"]
[Result "1-0"]
[WhiteElo "2468"]
[BlackElo "2422"]
[Annotator "TA"]
[PlyCount "65"]
[EventDate "2018.??.??"]
[EventType "swiss"]
[EventCountry "LTU"]
[SourceTitle "playchess.com"]
[Source "ChessBase"]
[SourceQuality "1"]

{[%evp 23,65,40,60,62,52,10,50,5,50,10,26,0,0,10,52,14,22,19,22,0,50,57,100,100,94,72,244,256,263,243,246,135,312,331,582,585,1785,1725,29980,29981,29983,29983,29991,29990]} 1. c4 Nf6 2. Nc3 g6 3. g3 Bg7 4. Bg2 O-O 5. e4 c5 6. Nge2 Nc6 {[%cal Bb8c6,Bc6d4,Bd4e2][%mdl 32]} 7. O-O d6 8. d3 Ne8 {[%cal Bf6e8,Be8c7,Bc7e6,Be6d4][%mdl 32]} 9. Be3 Nd4 10. Qd2 Nc7 {A36: Symmetrical English vs ...g6: 4 Bg2 Bg7} 11. Bh6 Nxe2+ 12. Nxe2 e5 {LiveBook: 3 Games. White is slightly better.} 13. Bxg7 Kxg7 {[#]} 14. b4 $146 Ne6 15. f4 {[%cal Bf2f4,Bf4f5,Bf5f6][%mdl 32]} f6 16. bxc5 dxc5 17. Rf2 Nd4 18. Nc3 Be6 19. Raf1 (19. f5 $5 {[%cal Rf5e6]} Bg8 20. h4 $11) 19... Qd6 20. f5 Bg8 21. h4 Rad8 (21... b5 $5) 22. g4 b5 23. cxb5 {aiming for g5.} c4 24. g5 $36 {[%mdl 2048] [#] Black must now prevent fxg6. White has strong initiative.} fxg5 $2 (24... cxd3 $16 {was called for.} 25. fxg6 (25. Qxd3 Rc8 $14) 25... fxg5) 25. f6+ $1 $18 ({Inferior is} 25. Qxg5 Rf6 $14) ({Less strong is} 25. hxg5 Kh8 $14) 25... Kf7 26. Nd5 ({Don't play} 26. Qxg5 $6 cxd3 27. Qe3 Ke8 $16) 26... cxd3 27. Qxd3 (27. hxg5 $18 Ne2+ 28. Kh2) 27... gxh4 $2 (27... g4 $16 {keeps fighting.}) 28. Qc4 Qe6 $2 (28... g5 29. Ne3+ Qe6) 29. Qc1 {Threatens to win with Qh6.} h3 30. Qh6 {Qg7+ would kill now.} Rxd5 31. exd5 {White mates.} Qd6 32. Rc1 Qd8 {[#]} 33. Rc7+ $1 {[%mdl 512] Precision: White = 48%, Black = 24%.} 1-0

[Event "Baltic Zonal II Stage 2018"]
[Site "Palanga"]
[Date "2018.06.15"]
[Round "3"]
[White "Kanep, Meelis"]
[Black "Chukavin, Kirill"]
[Result "1/2-1/2"]
[WhiteElo "2454"]
[BlackElo "2256"]
[Annotator "TA"]
[PlyCount "61"]
[EventDate "2018.??.??"]
[EventType "swiss"]
[EventCountry "LTU"]
[SourceTitle "playchess.com"]
[Source "ChessBase"]
[SourceQuality "1"]

{[%evp 23,61,0,12,-1,0,-10,25,28,28,22,29,25,44,34,20,13,17,13,15,0,0,0,0,0,51,51,54,0,7,7,8,1,9,0,0,0,0,0,0,0]} 1. Nf3 Nf6 2. c4 e6 3. Nc3 d5 4. d4 c6 5. Bg5 h6 6. Bxf6 Qxf6 7. Qb3 dxc4 8. Qxc4 Nd7 9. Rd1 g6 {D43: Damengambit (Botwinnik-Variante)} 10. g3 Bg7 11. Bh3 O-O 12. O-O Qe7 {LiveBook: 4 Partien} 13. Ne4 {[#]} Kh7 $146 ({Vorgänger:} 13... Rb8 14. a3 Re8 15. b4 a5 16. Nc5 axb4 17. axb4 {½-½ (30) Timman,J (2630)-Sokolov,I (2615) Rotterdam 1997}) 14. b4 e5 {[#] Droht ...Sb6 und aus.} 15. Bxd7 $1 Bxd7 16. dxe5 {zielt auf Sf6+ ab.} Bh3 17. Rfe1 Bxe5 18. Nxe5 Qxe5 19. f4 Be6 20. fxe5 Bxc4 21. Rd7 a5 22. a3 axb4 23. axb4 Be6 (23... b5 $11) 24. Rxb7 $14 Rab8 25. Rxb8 Rxb8 {[%mdl 4096] Endspiel KTL-KTS. Die Stellung ist ausgeglichen.} 26. Rb1 Bf5 27. Nf6+ Kg7 28. Rc1 Rxb4 29. Rxc6 Rb5 30. Ne8+ Kf8 31. Nd6 {Precision: Weiß = 64%, Schwarz = 72%.} 1/2-1/2

[Event "Baltic Zonal II Stage 2018"]
[Site "Palanga"]
[Date "2018.06.15"]
[Round "3"]
[White "Seeman, Tarvo"]
[Black "Starostits, Ilmars"]
[Result "1/2-1/2"]
[WhiteElo "2425"]
[BlackElo "2461"]
[Annotator "TA"]
[PlyCount "62"]
[EventDate "2018.??.??"]
[EventType "swiss"]
[EventCountry "LTU"]
[SourceTitle "playchess.com"]
[Source "ChessBase"]
[SourceQuality "1"]

{[%evp 17,62,14,21,0,4,-10,-8,-6,0,0,18,-1,0,-37,-41,-29,-47,-41,-35,-31,-31,-75,-75,-75,-79,-76,-94,-84,-68,-110,-110,-126,-9,-9,-9,-9,-9,-11,-11,-9,-11,-11,-11,-11,0,0,0]} 1. Nf3 d5 2. g3 Nf6 3. Bg2 g6 4. c4 Bg7 5. O-O O-O 6. cxd5 Nxd5 7. Nc3 Nb6 8. d3 Nc6 9. Be3 Bg4 {LiveBook: 4 Games. A16: English Opening: 1...Nf6 with ...d5} (9... h6 10. Qc1 Kh7 11. Rd1 Be6 12. Ne4 Qc8 13. Qc2 Rd8 14. a3 a5 15. Bd2 Bd5 16. Bc3 e5 17. b4 Nd4 18. Bxd4 exd4 {0-1 (32) Kveinys,A (2511)-Lagarde,M (2587) Reykjavik 2018}) 10. a4 a5 11. Bxb6 $146 ({Predecessor:} 11. h3 Bd7 12. Bxb6 cxb6 13. Nd2 Qc8 14. Nc4 Ra6 15. Kh2 Rd8 16. Nd5 Be6 17. Nce3 Bxb2 18. Rb1 {1-0 (43) Groeling,J (1944)-Turek,A (2045) Rowy 2007}) 11... cxb6 12. Nd2 Rc8 13. Nc4 h5 14. Re1 h4 15. h3 Be6 16. gxh4 Nb4 17. Ne4 Bxc4 18. dxc4 Rxc4 19. Qxd8 Rxd8 20. b3 Rxe4 21. Bxe4 {[#] Rad1 is the strong threat.} Bxa1 22. Rxa1 $17 {[%mdl 4096] Endgame KRB-KRN} Na6 23. Bxb7 Nc5 24. Bf3 Nxb3 (24... Rd4 $17 25. h5 gxh5) 25. Rb1 $11 {The position is equal.} Nd2 26. Rxb6 Nxf3+ 27. exf3 {KR-KR} Rd4 28. h5 gxh5 29. Rb5 Rxa4 {Threatens to win with ...h4.} 30. Rxh5 Rf4 31. Rxa5 Rxf3 {Precision: White = 34%, Black = 51%.} 1/2-1/2

[Event "Baltic Zonal II Stage 2018"]
[Site "Palanga"]
[Date "2018.06.15"]
[Round "3"]
[White "Vedrickas, Tautvydas"]
[Black "Kulaots, Kaido"]
[Result "0-1"]
[WhiteElo "2408"]
[BlackElo "2574"]
[Annotator "TA"]
[PlyCount "80"]
[EventDate "2018.??.??"]
[EventType "swiss"]
[EventCountry "LTU"]
[SourceTitle "playchess.com"]
[Source "ChessBase"]
[SourceQuality "1"]

{[%evp 12,80,0,8,0,-31,-31,-64,-83,-150,-145,-178,-169,-179,-162,-145,-95,-274,-274,-274,-272,-282,-273,-310,-260,-252,-249,-288,-283,-287,-202,-273,-233,-275,-282,-325,-337,-335,-323,-340,-368,-384,-350,-341,-282,-391,-382,-373,-360,-425,-426,-407,-405,-463,-429,-446,-425,-475,-467,-537,-525,-647,-617,-684,-667,-855,-833,-1316,-835,-29983,-29984]} 1. d4 Nf6 2. c4 e6 3. Nc3 Bb4 4. Qc2 d6 5. e4 (5. Bd2 Nc6 6. Nf3 O-O 7. a3 Bxc3 8. Bxc3 Qe7 9. e3 a5 10. Be2 e5 11. dxe5 dxe5 12. h3 Rd8 13. O-O e4 14. Nd4 Nxd4 15. Bxd4 c5 16. Bc3 a4 17. f4 Bd7 {1-0 (41) Wojtaszek,R (2736)-Nisipeanu,L (2683) Dortmund 2017}) 5... c5 6. a3 {E32: Nimzoindisch (4.Dc2)} Bxc3+ 7. bxc3 {LiveBook: 3 Partien} Nc6 8. d5 {Die Stellung ist ausgeglichen.} Na5 9. Bd3 O-O 10. Ne2 $146 {[#]} ({Günstiger ist} 10. Nf3) ({Vorgänger:} 10. Nf3 exd5 11. cxd5 Re8 12. c4 b5 13. cxb5 c4 14. Be2 Nb3 {0-1 (71) Tristan,L (2457)-Santiago,Y (2401) Villa Martelli 2013}) 10... b5 $1 $17 {[%mdl 512]} 11. Ng3 ({Aber nicht} 11. cxb5 $2 c4 $19) 11... bxc4 12. Be2 exd5 {zielt auf ...Sxe4 ab.} 13. Bg5 dxe4 {Weiss muss nun ...h6 beachten.} 14. Rd1 $2 {[#]} (14. Nh5 $17 {war angesagt.}) 14... h6 $1 $19 {[%cal Rh6g5]} 15. Bxf6 Qxf6 ({Lieber nicht} 15... gxf6 16. Qxe4 Nb7 17. O-O $16 (17. Qxc4 f5 $14)) 16. O-O Bb7 {[%cal Bc8b7,Bb7c6,Bc6a4][%mdl 32]} 17. Qa4 Qd8 18. Bxc4 d5 19. Ba2 Bc6 20. Qc2 Qd7 21. Qc1 Qe6 22. Rfe1 c4 23. f3 Ba4 24. Rd2 f5 {[%cal Bf7f5,Bf5e4][%mdl 32]} 25. Rde2 Nb7 26. fxe4 fxe4 27. Qe3 Qb6 28. Rd2 Qxe3+ 29. Rxe3 Bc6 30. Ne2 Nc5 31. Nd4 Ba4 32. g4 {Wenn Weiss jetzt Zeit für Sf5 hätte...} Nd3 33. Nf5 Rf7 34. Nd6 Rf4 35. h3 Raf8 36. Nf5 Kh7 37. Bb1 g6 38. Bxd3 cxd3 39. Ne7 Bb3 40. Rb2 Bc2 {Precision: Weiß = 30%, Schwarz = 79%.} 0-1

[Event "Baltic Zonal II Stage 2018"]
[Site "Palanga"]
[Date "2018.06.15"]
[Round "3"]
[White "Samolins, Vitalijs"]
[Black "Stremavicius, Titas"]
[Result "1/2-1/2"]
[WhiteElo "2406"]
[BlackElo "2444"]
[Annotator "TA"]
[PlyCount "150"]
[EventDate "2018.??.??"]
[EventType "swiss"]
[EventCountry "LTU"]
[SourceTitle "playchess.com"]
[Source "ChessBase"]
[SourceQuality "1"]

{[%evp 19,150,0,0,0,0,-12,0,0,0,0,0,-4,14,9,11,6,8,-6,-8,0,0,0,0,0,0,0,7,10,6,16,7,0,0,0,0,-7,0,0,0,0,0,0,0,0,36,31,96,93,133,139,184,184,166,127,181,182,200,21,21,21,21,21,21,21,21,21,25,0,0,0,0,0,0,0,0,0,0,0,0,0,0,15,15,15,15,0,0,0,0,0,0,0,0,0,0,0,21,0,0,0,0,0,0,0,0,0,0,0,0,0,0,0,0,0,0,0,0,0,0,0,0,0,0,0,0,0,0,0,0,0,0,0,0]} 1. c4 e6 2. g3 Nf6 3. Bg2 d5 4. Nf3 dxc4 5. Qa4+ Bd7 6. Qxc4 {A13: English Opening: 1...e6} c5 7. Ne5 (7. d4 Bc6 8. dxc5 Nbd7 9. Be3 Bd5 10. Qc2 Be4 11. Qc1 Ng4 12. b4 a5 13. Bg5 f6 14. Bd2 axb4 15. Bxb4 Nxc5 16. Bxc5 Rc8 17. Qc4 Bxc5 18. Qxe6+ {½-½ (41) Ding,L (2769)-Aronian,L (2794) Berlin 2018}) 7... Qc8 8. O-O Nc6 9. Nxd7 Qxd7 10. b3 Be7 {LiveBook: 6 Games} 11. Bb2 Rc8 12. d3 O-O 13. Qc1 Rfd8 14. Nc3 $146 b6 15. Rd1 Ne8 16. Qd2 Bf6 17. Rac1 Nd6 18. Ne4 (18. e3 {looks sharper.} Nf5 19. Qc2 Be5 20. Qe2 Nb4 21. Rd2) 18... Bxb2 19. Qxb2 Nxe4 20. Bxe4 Qd4 21. Qxd4 Nxd4 22. Kf1 Kf8 23. e3 (23. Bxh7 $2 g6 $19) 23... Nb5 24. Bb7 (24. Bxh7 g6 $17) 24... Rb8 25. Bc6 Na3 26. Ke2 Rd6 27. Bf3 Rbd8 28. g4 a5 29. Be4 R8d7 30. h4 ({Reject} 30. Bxh7 g6 $17) 30... h6 31. f4 a4 32. Rd2 Ra7 {[#]} ({Better is} 32... g6 $14) 33. b4 $1 $16 cxb4 34. Rb2 f5 35. gxf5 exf5 36. Bf3 Rad7 (36... Rdd7 $16) 37. d4 $18 ({Inferior is} 37. Rxb4 Rxd3 38. Bc6 Rd2+ 39. Kf3 Rc7 $11) 37... Re7 38. d5 $2 (38. Rxb4 $18 Rde6 39. Rc8+ (39. Rxa4 Rxe3+ 40. Kf2 Rd3 $14) 39... Re8 40. Rxe8+ Kxe8 41. Rxa4) 38... b3 $11 39. axb3 Nb5 $1 {[%cal Rb5d4]} 40. bxa4 Nd4+ $1 41. Kf2 Nxf3 42. Kxf3 {aiming for Rb5.} Rxd5 43. Rxb6 {[%mdl 4096] Endgame Hoping for Rb5. KRR-KRR} Rd3 {The position is equal.} 44. Re1 h5 45. Rb8+ Kf7 46. Rh8 Kg6 47. a5 Ra3 48. a6 Rxa6 49. Rg1+ Kf6 50. Rxh5 {[#] Black must now prevent Rhg5.} Ra3 51. Re1 Rea7 52. Rg5 {Reg1 is the strong threat.} Ra1 $1 {[%cal Ra1e1]} 53. Rgg1 (53. Re2 {keeps more tension.} R7a2 54. Rxa2 Rxa2 55. h5 Rd2 56. Rg1) 53... Rxe1 54. Rxe1 {KR-KR} Ra8 55. Rb1 Rh8 56. Kg3 Re8 57. Rb6+ Kf7 58. h5 Rxe3+ 59. Kh4 Re1 60. Kg5 Rg1+ 61. Kxf5 Rh1 62. Rb7+ Kg8 63. Rb8+ (63. h6 {with more complications.} gxh6) 63... Kh7 64. Ke6 (64. Kg4 {is more complex.} g6 65. hxg6+ Kxg6) 64... Rxh5 65. f5 Rh6+ 66. Ke5 Ra6 67. Re8 Ra5+ 68. Kf4 Ra1 69. Re6 Kg8 70. Kg5 Kf7 71. Rb6 Rg1+ 72. Kf4 $1 Rf1+ 73. Kg5 Rg1+ 74. Kf4 Rf1+ 75. Kg5 Rg1+ {Precision: White = 61%, Black = 73%.} 1/2-1/2

[Event "Baltic Zonal II Stage 2018"]
[Site "Palanga"]
[Date "2018.06.15"]
[Round "3"]
[White "Klabis, Rokas"]
[Black "Laurusas, Tomas"]
[Result "0-1"]
[WhiteElo "2383"]
[BlackElo "2453"]
[Annotator "TA"]
[PlyCount "82"]
[EventDate "2018.??.??"]
[EventType "swiss"]
[EventCountry "LTU"]
[SourceTitle "playchess.com"]
[Source "ChessBase"]
[SourceQuality "1"]

{[%evp 18,82,31,27,17,0,0,-52,-21,-51,-35,-38,-42,-35,39,42,94,0,0,0,0,-139,-141,-142,-130,-135,-135,-140,-128,-123,-132,-126,-123,-142,-136,-177,-181,-196,-192,-181,-183,-225,-185,-558,-567,-522,-495,-922,-910,-888,-853,-994,-956,-29960,-29962,-29962,-29959,-1849,-1629,-29969,-5802,-29988,-29984,-29982,-2015,-2035,-2008]} 1. e4 c5 2. Nf3 e6 3. d4 cxd4 4. Nxd4 a6 5. Bd3 Nf6 6. O-O Qc7 7. Nc3 Nc6 8. Nxc6 bxc6 9. Re1 {B46: Sicilian: Taimanov: 5 Nc3 a6} (9. Qe2 d5 10. Bg5 Bb7 11. f4 h6 12. Bh4 Be7 13. Bg3 O-O 14. e5 Ne8 15. f5 exf5 16. Bxf5 Qb6+ 17. Kh1 g6 {1-0 (34) Wei,Y (2740)-Ivanchuk,V (2732) Hoogeveen 2017}) 9... Bd6 10. h3 {LiveBook: 3 Games} O-O 11. Bg5 {The position is equal.} Be5 12. Ne2 $146 (12. Qe2 $11) ({Predecessor:} 12. f4 Bxf4 13. Bxf6 gxf6 14. e5 f5 15. Qe2 Kh8 16. Ne4 Qxe5 17. Qf3 fxe4 18. Rxe4 Qc5+ 19. Kh1 {0-1 (19) Aranzana Areste,A (2022)-Lymar,I (2316) Balaguer 2005}) 12... Rb8 13. Rb1 Rxb2 14. Rxb2 Bxb2 15. c3 {Hoping for Qb3.} Qa5 {[#]} (15... Ba3 $1 $15) 16. e5 $1 $14 {[%mdl 512]} Qxe5 (16... Nd5 $1 $14) 17. Bxf6 (17. Qd2 $16) 17... gxf6 $11 18. Qb3 Qd5 19. Qc2 {[#]} (19. Qxb2 $11 Qxd3 20. c4) 19... Ba3 $1 $17 {[%cal Bb2a3,Ba3d6,Bd6e5][%mdl 32]} ({But not} 19... Qxa2 $2 20. Rb1 $18) 20. Bxh7+ Kg7 {...f5 is the strong threat.} 21. Ng3 Rh8 22. Bd3 Qa5 23. Re4 Bd6 24. Ra4 Qb6 25. Qe2 Be5 26. Kh2 {[%cal Rd3a6]} a5 27. f4 Bxc3 28. Ne4 Qb2 29. Qf3 d5 30. Ng3 $2 (30. Nxc3 Qxc3 31. Qg3+ Kf8 32. Bf1 Qxg3+ 33. Kxg3) 30... Bd7 $19 31. f5 e5 32. Nh5+ {[#]} (32. Qd1 $142) 32... Rxh5 $1 33. Qxh5 e4 34. Qg4+ Kf8 35. Bxe4 Be5+ 36. Kg1 Qc1+ 37. Kf2 Qd2+ 38. Kf1 c5 {( -> ...Bb5+)} 39. Bf3 Bb5+ 40. Be2 Qd1+ (40... Bc3 $142 41. g3 Bxa4 42. h4 Bc2 43. Qf3 Be4 44. Qxc3 Qxc3 45. Kf2 c4 46. g4 Qd4+ 47. Kf1 c3 48. Bd3 Qxd3+ 49. Ke1 c2 50. h5 c1=Q+ 51. Kf2 Qf3#) 41. Kf2 Qxa4 {Precision: White = 36%, Black = 73%.} 0-1